Η κρίση των ευρωπαϊκών επιστημών και η υπερβατολογική φαινομενολογία : εισαγωγή στη φαινομενολογική φιλοσοφία : μέρη I-II

Αποθηκεύτηκε σε:
Λεπτομέρειες βιβλιογραφικής εγγραφής
Κύριος συγγραφέας: Husserl, Edmund, 1859-1938
Άλλοι συγγραφείς: Θεοδώρου, Πάνος (Μεταφραστής)
Μορφή: Βιβλίο
Γλώσσα:Greek
German
Δημοσίευση: Αθήνα : Νήσος, 2012.
Σειρά:Μικρά φιλοσοφικά (Νήσος)
Θέματα:
Ετικέτες: Προσθήκη ετικέτας
Δεν υπάρχουν, Καταχωρήστε ετικέτα πρώτοι!

MARC

LEADER 00000nam a2200000 a 4500
001 1/114700
008 170824s2012####gr | ||| |||| ||gre||
020 |a 9789609535281  
040 |a GR-MyUa  |b gre  |c GR-MyUa  |e AACR2 
041 1 |a gre  |h ger 
082 7 |a 121   |2 (23) 
100 1 |a Husserl, Edmund,   |d 1859-1938. 
245 1 2 |a Η κρίση των ευρωπαϊκών επιστημών και η υπερβατολογική φαινομενολογία :   |b εισαγωγή στη φαινομενολογική φιλοσοφία : μέρη I-II /   |c Έντμουντ Χούσσερλ ; μετάφραση-εισαγωγή-υπόμνημα Πάνος Θεοδώρου.  
260 |a Αθήνα :   |b Νήσος,   |c 2012.  
300 |a 214 σ. ;   |c 19 εκ.  
490 1 |a (Μικρά φιλοσοφικά ;   |v 3)  
500 |a Μετάφραση του: Die krisis der europaischen wissenschaften und die transzendentale phanomenologie.  
504 |a Περιλαμβάνει βιβλιογραφία.  
650 0 |a Knowledge, Theory of. 
650 0 |a Phenomenology. 
700 1 |a Θεοδώρου, Πάνος,  |e trl 
830 0 |a Μικρά φιλοσοφικά (Νήσος) 
852 |a INST  |b LESVOS  |c EUDOXUS  |e 20170824  |h 121 HUS  |p 005100059765  |q 005100059765  |t EDX  |y 0 
920 |a Εύδοξος  |b Παραγγελία  |y Λέσβος-ΤΚΑΙ  |z 2017-05 
970 |a Τζαφέρη  |b Ευαγγελία  |z 24-08-2017